| 000 | 00840nam a2200229 i 4500 | ||
|---|---|---|---|
| 001 | 65369 | ||
| 003 | ES-MaACL | ||
| 005 | 20250721131120.0 | ||
| 008 | 040112s1931 sp |||| |dspa d | ||
| 100 | 1 |
_aFranco, Ramón, _d1896-1938 _952245 |
|
| 245 | 1 | 0 |
_aMadrid bajo las bombas / _cRamón Franco Bahamonde. |
| 260 |
_aMadrid : _bZeus, _c[1931] ( _fImp. Zoila Ascasibar) |
||
| 300 |
_aXV, 265 p. ; _c19 cm. |
||
| 530 | _aDisponible en formato digital. | ||
| 600 | 1 | 4 |
_aFranco, Ramón, _d1896-1938 _952245 |
| 651 | 4 |
_aEspaña- _xHistoria- _y1902-1931, Alfonso XIII _98276 |
|
| 651 | 4 |
_aMadrid- _xHistoria- _y1931-1939. _9170920 |
|
| 852 |
_aES-MaACL _jB-9063 _cSPB _zRevisado enlace: 21 de julio de 2025 |
||
| 856 | 4 |
_uhttp://bdh-rd.bne.es/viewer.vm?id=0000251160&page=1 _yBiblioteca Digital Hispánica |
|
| 942 | _2udc | ||
| 999 |
_c65369 _d65369 |
||